K někotrym problemam leksiki staršej hornjoserbskeje spisowneje rěče
| Titel: | K někotrym problemam leksiki staršej hornjoserbskeje spisowneje rěče |
|---|---|
| Verfasser: | |
| In: |
Sorbisches Institut: Lětopis, Band 39, Heft 2 (1992), Seite 29-33 alle Artikel anzeigen |
| Veröffentlicht: | 1992 |
| Format: | Aufsatz |
| Sprache: | Sorbisch |
X
alg: 39463899 001A $01999:12-11-16 001B $01999:01-06-17 $t17:57:45.000 001C $06050:19-11-16 $t09:36:04.000 001D $01999:12-11-16 001U $0utf8 001X $00 002@ $0Aox 003@ $0394638999 007A $0394638999 $aHEB 007T $0Herdww001359 010@ $awen 011@ $a1992 021A $aK někotrym problemam leksiki staršej hornjoserbskeje spisowneje rěče 028A $aJenč $dHelmut 031A $d39 $e2 $h29-33 $j1992 039B $aIn $8--Abvc--Sorbisches Institut [Tb1]. Lětopis. - Bautzen : Domowina-Verl., 1992-. - ISSN 0943-2787 $x199200000390002971 $9048608750 045T $a10 $a8,1 $a9,10 lok: 39463899 78 exp: 39463899 78 1 #EPN 201B/01 $020-05-19 $t22:53:19.000 201U/01 $0utf8 203@/01 $0790749467 208@/01 $a12-11-16 $be 209A/01 $a/ $f000 $x00 220C/01 $aTitelaufnehmer: TJ 220C/01 $aHerkunft: IH UWr 244Z/01 $2Trx $#Silesia $#Śląsk $#Sliezsko $#Slezsko $8--Trx--Schlesien $x01 $9391173987 244Z/01 $#Nördliche Lausitz $#Lausitz, Nord $#Markgrafthum Nieder-Lausitz $#Niederlausitz, Landes-Versammlung $#Landes-Versammlung Niederlausitz $#Markgraftum Niederlausitz $74042205-7 $8--Tg1--Niederlausitz $x02 $908511653X 244Z/01 $#Lausitz, Süd $#Südliche Lausitz $74042942-8 $8--Tg1--Oberlausitz $x03 $9085119431 244Z/01 $aGeschichte 1750-1850 $x04 244Z/01 $2Trx $#keeleteadus $#kalbotyra $#Linguistics $#nyelvtudomány $#językoznawstwo $#jazykoveda $#jazykověda $#Linguistik $#lingvistika $8--Trx--Sprachwissenschaft $x05 $939137124X 244Z/01 $2Trx $8--Trx--Zeitschriftenaufsatz $x06 $9391384341 247C/01 $82080>Marburg/Lahn, Herder-Institut, Forschungsbibliothek, Bibliographieportal $9336309341
| LEADER | 00000caa a22000002c 4500 | ||
|---|---|---|---|
| 001 | 394638999 | ||
| 003 | DE-603 | ||
| 005 | 20170601175745.0 | ||
| 007 | tu | ||
| 008 | 161112s1992 xx |||| | u00||u|wen c | ||
| 035 | |a (DE-599)HEB394638999 | ||
| 040 | |a DE-603 |b ger |c DE-603 |d DE-603 | ||
| 041 | |a wen | ||
| 084 | |a 10 |a 8,1 |a 9,10 |2 ssgn | ||
| 100 | 1 | |a Jenč, Helmut | |
| 245 | 0 | 0 | |a K někotrym problemam leksiki staršej hornjoserbskeje spisowneje rěče |
| 264 | 0 | |c 1992 | |
| 773 | 0 | 8 | |i In |a Sorbisches Institut |t Lětopis |d Bautzen : Domowina-Verl., 1992- |h 24 cm |x 0943-2787 |g Band 39, Heft 2 (1992), Seite 29-33 |w (DE-603)048608750 |w (DE-600)1116990-4 |
| 924 | 0 | |9 2080 |a (DE-603)790749467 |b DE-2080 |c HES |d d |g / | |


